000 00527nam a22001817a 4500
003 OSt
005 20180116183044.0
008 160325b xxu||||| |||| 00| 0 eng d
020 _a0
040 _c0
082 _a658.3 DIL 2015
100 _aDilawar Khan
245 _aApplied Human Resource Management
_bWith Emphasis on Wage/Salary/IR and Labour Lawas
_cDilawar Khan
260 _aPakistan
_bPakistan Tobacco Company Ltd.
_c2015
300 _a150 p.
_bPB
440 _aApplied Human Resource Managemen
942 _2ddc
_cBK
999 _c351363
_d351363